Statistics for Things that are Short

Click here to take the quiz!

General Stats

  • This quiz has been taken 23,459 times
  • The average score is 11 of 18

Answer Stats

ClueAnswer% Correct
Baseball positionShortstop
89%
Quicker way of getting somewhereShortcut
83%
A person with a temper has a ...Short Fuse
81%
Small number of pancakesShort Stack
81%
It's shorter than a novellaShort Story
79%
Electrical malfunctionShort Circuit
77%
What Girl Scout
trefoil cookies are made of
Shortbread
73%
Biscuit often served
with strawberries
Shortcake
73%
2,000 lbsShort Ton
65%
Type of radio used by amateursShortwave
62%
Stenographer's systemShorthand
59%
Alternative to briefsBoxer Shorts
54%
Text message protocol
abbreviated SMS
Short Message
Service
51%
"Three Amigos" starMartin Short
49%
Restaurant cook who
makes quick meals
Short Order
49%
Railroad in the U.S. version
of "Monopoly"
Short Line
43%
School prank of a mis-made bedShort Sheet
37%
Apolo Ohno's speed-skating eventShort Track
36%

Score Distribution

Percentile by Number Answered

Percent of People with Each Score

Your Score History

You have not taken this quiz